I Want A Boy/ (Record no. 216445)

MARC details
000 -LEADER
fixed length control field 00559nam a22001937a 4500
005 - DATE AND TIME OF LATEST TRANSACTION
control field 20260602105929.0
010 ## - LCCN (DPL NO)
LC control number ENG-148698
020 ## - INTERNATIONAL STANDARD BOOK NUMBER
International Standard Book Number 9788119670826
Terms of availability 450.00
035 ## - SYSTEM CONTROL NUMBER
System control number EN-132230
037 ## - SOURCE OF ACQUISITION
Source of stock number/acquisition DBAD
082 ## - DEWEY DECIMAL CLASSIFICATION NUMBER
Classification number 920
Edition number 1
100 ## - MAIN ENTRY--PERSONAL NAME
Personal name Kalra, Aruna
245 ## - TITLE STATEMENT
Title I Want A Boy/
Statement of responsibility, etc Aruna Kalra
250 ## - EDITION STATEMENT
Edition statement 1
260 ## - PUBLICATION, DISTRIBUTION, ETC. (IMPRINT)
Place of publication, distribution, etc New Delhi
Name of publisher, distributor, etc Vitasta Publishing Pvt Ltd
Date of publication, distribution, etc 2024
270 ## - ADDRESS
Address 2/15, Ansari Road daryaganj,
City New Delhi
Postal code 110002
Electronic mail address info@vitastapublishing.com
300 ## - PHYSICAL DESCRIPTION
Extent 276p.
Dimensions 21cm(pb)
942 ## - ADDED ENTRY ELEMENTS (KOHA)
Source of classification or shelving scheme Dewey Decimal Classification
Item type English Books
Classification part 920
Call number suffix KAL
Holdings
Withdrawn status Lost status Not for loan Collection code Home library Current library Date acquired Source of acquisition Cost, normal purchase price Full call number Barcode Copy number Cost, replacement price Koha item type
    Not For Loan Non-fiction D.B.Act.Division D.B.Act.Division 02/06/2026 Delivery of Books Act Division 450.00 920 KAL EN-132230 1 450.00 English Books

© Delhi Public Library
Hit Counter
free hit counter